000 00278nam a22001337a 4500
008 180216b xxu||||| |||| 00| 0 eng d
020 _a9780805373738
041 _aeng
080 _a616.34
100 _a7
101 _aana
245 _ahuman body
_cjon.m
942 _2udc
_cBK
999 _c42836
_d42836